<?xml version="1.0" encoding="UTF-8"?>
<record
    xmlns:xsi="http://www.w3.org/2001/XMLSchema-instance"
    xsi:schemaLocation="http://www.loc.gov/MARC21/slim http://www.loc.gov/standards/marcxml/schema/MARC21slim.xsd"
    xmlns="http://www.loc.gov/MARC21/slim">

  <leader>02059cam a2200253   4500</leader>
  <controlfield tag="001">2089</controlfield>
  <controlfield tag="005">20181127164534.0</controlfield>
  <controlfield tag="008">030819s2004    nyu      b    001 0 eng</controlfield>
  <datafield tag="010" ind1=" " ind2=" ">
    <subfield code="a">  2003018226</subfield>
  </datafield>
  <datafield tag="020" ind1=" " ind2=" ">
    <subfield code="a">0789023490 (hbk. : alk. paper)</subfield>
  </datafield>
  <datafield tag="020" ind1=" " ind2=" ">
    <subfield code="a">0789023504 (pbk. : alk. paper)</subfield>
  </datafield>
  <datafield tag="245" ind1="0" ind2="0">
    <subfield code="a">From menarche to menopause :</subfield>
    <subfield code="b">the female body in feminist therapy /</subfield>
    <subfield code="c">Joan C. Chrisler, editor.</subfield>
  </datafield>
  <datafield tag="260" ind1=" " ind2=" ">
    <subfield code="a">Binghamton, NY :</subfield>
    <subfield code="b">Haworth Press,</subfield>
    <subfield code="c">c2004.</subfield>
  </datafield>
  <datafield tag="300" ind1=" " ind2=" ">
    <subfield code="a">218 p. ;</subfield>
    <subfield code="c">23 cm.</subfield>
  </datafield>
  <datafield tag="500" ind1=" " ind2=" ">
    <subfield code="a">""Co-published simultaneously as Women &amp; Therapy, vol. 27, no. 3/4 2004.""</subfield>
  </datafield>
  <datafield tag="504" ind1=" " ind2=" ">
    <subfield code="a">Includes bibliographical references and index.</subfield>
  </datafield>
  <datafield tag="505" ind1="0" ind2=" ">
    <subfield code="a">Self-objectification and that ""not so fresh feeling"": feminist therapeutic interventions for healthy female embodiment / Tomi-Ann Roberts, Patricia L. Waters -- Making menarche positive and powerful for both mother and daughter / Jessica B. Gillooly -- Negative attitudes toward menstruation: implications for disconnections within girls and between women / Margaret L. Stubbs, Daryl Costos -- The debate about PMDD and sarafem: suggestions for therapists / Paula J. Caplan -- Abortion and mental health: what therapists need to know / Lisa Rubin, Nancy Felipe Russo -- Psychological issues and interventions with infertile patients / Ann Rosen Spector -- The aftermath of pregnancy loss: a feminist critique of the literature and implications for treatment / Lisa Cosgrove -- The use of rituals in grieving for a miscarriage or stillbirth / Deborah J. Brin -- Psychological issues in childbirth: potential roles for psychotherapists / Ingrid Johnston-Robledo, Jessica Barnack -- Myths and mates in childbearing depression / Valerie E. Whiffen -- Coping with distress during preimenopause / Paula S. Derry -- Facing the unknown: social support during the menopausal transition / Patricia Barthalow Koch, Phyllis Kernoff Mansfield.</subfield>
  </datafield>
  <datafield tag="650" ind1=" " ind2="0">
    <subfield code="a">Body image.</subfield>
  </datafield>
  <datafield tag="650" ind1=" " ind2="0">
    <subfield code="a">Feminist therapy.</subfield>
  </datafield>
  <datafield tag="650" ind1=" " ind2="0">
    <subfield code="a">Menarche.</subfield>
  </datafield>
  <datafield tag="650" ind1=" " ind2="0">
    <subfield code="a">Menopause.</subfield>
  </datafield>
  <datafield tag="700" ind1="1" ind2=" ">
    <subfield code="a">Chrisler, Joan C.</subfield>
  </datafield>
  <datafield tag="730" ind1="0" ind2=" ">
    <subfield code="a">Women &amp; therapy.</subfield>
  </datafield>
  <datafield tag="999" ind1=" " ind2=" ">
    <subfield code="c">1637</subfield>
    <subfield code="d">1637</subfield>
  </datafield>
  <datafield tag="952" ind1=" " ind2=" ">
    <subfield code="0">0</subfield>
    <subfield code="1">0</subfield>
    <subfield code="2">ddc</subfield>
    <subfield code="4">0</subfield>
    <subfield code="7">0</subfield>
    <subfield code="8">MAIN</subfield>
    <subfield code="a">RTCLIB</subfield>
    <subfield code="b">RTCLIB</subfield>
    <subfield code="c">MAIN</subfield>
    <subfield code="h"> </subfield>
    <subfield code="i">2532</subfield>
    <subfield code="l">0</subfield>
    <subfield code="o">616.89 CHR</subfield>
    <subfield code="p">30003269</subfield>
    <subfield code="r">2018-11-27 00:00:00</subfield>
    <subfield code="w">2018-11-27</subfield>
    <subfield code="y">MAIN</subfield>
  </datafield>
</record>
